000 00792nam a2200217Ia 4500
003 GCL
008 140319s9999 xx 000 0 ara d
040 _aGCL /
_cGCL
082 0 4 _a811.1
_bح ش
100 1 _aحسن السندوبى
245 1 0 _aشرح ديوان امرىء القيس /
_cحسن السندوبى
260 _aالقاهرة :
_bدار احياء العلوم ،
_c1930
300 _a111 ص
490 _aالهيئة العامة للاستعلامات
_v0
650 0 4 _aالادب العربى
650 0 4 _aالشعر العربى - تاريخ ونقد
650 0 4 _aالشعر العربى - دواوين وقصائد
650 0 4 _aامرؤ القيس
650 0 4 _aالشعر العربى - تاريخ ونقد - العصر الجاهلى
942 _2ddc
_cBK
999 _c51057
_d51057